000
00279nam a22001217a 4500
008
180809b xxu||||| |||| 00| 0 eng d
041
_a
eng
080
_a
541
100
_a
12
101
_a
KIM
245
_a
Body Fluids and the Acid-Base Balance
_c
Saunders,W.B
942
_2
udc
_c
BK
999
_c
46951
_d
46951